Представление документа в формате MARC21

Поле Инд. ПП Название Значение
Тип записи a
Библиографический уровень b
001 Контрольный номер RU/IS/BASE/202324024
005 Дата корректировки 20220715140355.5
008 Кодируемые данные 20060530
084 a Индекс другой классификации/Индекс ББК 66.1(2)6-8; 60.000.3; 66.01; 60.001(2Рос)6
100 1_ a Автор Цыганков А. П.
q Полное имя Цыганков Андрей Павлович
245 a Заглавие Александр Панарин как зеркало российской революции
500 a Примечание Окончание. Начало см.: № 4 / 2005 г.
504 a Библиография Библиогр. ссылки. - Примеч.
600 a Персоналии Панарин Александр Сергеевич
650 a Основная рубрика история политических учений
a Основная рубрика история философии
a Основная рубрика политика
a Основная рубрика политическая философия (философия политики)
a Основная рубрика социальная философия
a Основная рубрика философия
653 a Ключевые слова XX век
a Ключевые слова геополитика
a Ключевые слова геополитические взгляды
a Ключевые слова евразийство
a Ключевые слова западничество
a Ключевые слова история социальной философии
a Ключевые слова консерватизм
a Ключевые слова либерализм
a Ключевые слова Россия
a Ключевые слова СССР
773 t Заглавие источника Вестник Московского университета. Серия 18, Социология и политология
d Дата издания источника 2006
g Прочая информация № 1. - С. 120 - 149 : табл.
w Контрольный № источника RU/IS/BASE/199372887
901 t Тип документа b